I Segreti Del Vaticano

Guardat en:
Dades bibliogràfiques
Autor principal: Corrado Augias
Format: Llibre
Idioma:idioma desconegut
Publicat: Mondatori
Etiquetes: Afegir etiqueta
Sense etiquetes, Sigues el primer a etiquetar aquest registre!

MARC

LEADER 00000nam a2200000Ia 4500
001 R-2013
003 CODICE-MESSINA
005 20260212102525.0
008 260211s9999 xx 000 0 und d
040 |c importazione_messina 
100 |a Corrado Augias 
245 0 |a I Segreti Del Vaticano 
260 |b Mondatori 
942 |2 ddc  |c BK 
952 |0 0  |1 0  |2 ddc  |4 0  |6 SCAFFALE_21_000000000000000__STANZA_2__ROMANZO  |7 0  |9 32854  |a ME  |b ME  |d 2026-02-11  |l 0  |o SCAFFALE 21 - STANZA 2 - ROMANZO  |p R-2013  |r 2026-02-11 23:53:26  |w 2026-02-11  |x [REVISIONARE]  |y BK 
999 |c 28521  |d 28521